Gia công tia lửa điện CNC

Salvato in:
Dettagli Bibliografici
Autore principale: Vũ, Hoài Ân
Natura: Libro
Lingua:Undetermined
Pubblicazione: Hà Nội Khoa học và Kỹ thuật 2003
Soggetti:
Tags: Aggiungi Tag
Nessun Tag, puoi essere il primo ad aggiungerne! !
Thư viện lưu trữ: Trung tâm Học liệu Trường Đại học Cần Thơ
LEADER 00560nam a2200193Ia 4500
001 CTU_56791
008 210402s9999 xx 000 0 und d
020 |c 23000 
082 |a 621.9023 
082 |b Â121 
100 |a Vũ, Hoài Ân 
245 0 |a Gia công tia lửa điện CNC 
245 0 |c Vũ Hoài Ân 
260 |a Hà Nội 
260 |b Khoa học và Kỹ thuật 
260 |c 2003 
650 |a Mechanical engineering,Machine - tools 
650 |x Numerical control 
980 |a Trung tâm Học liệu Trường Đại học Cần Thơ